[Event "World Senior Teams +65"]
[Site "Radebeul GER"]
[Date "2016.07.02"]
[Round "7.7"]
[Board "3"]
[White "Bocionek, Dieter"]
[Black "Hammar, Bengt"]
[Result "1/2-1/2"]
[BlackTitle "FM"]
[WhiteElo "1956"]
[BlackElo "2164"]
[WhiteTeam "Sachsen-Anhalt"]
[BlackTeam "Sweden 1"]
[WhiteFideId "12944106"]
[BlackFideId "1700391"]
[EventDate "2016.06.26"]

1. d4 Nf6 2. Nc3 d5 3. Bg5 Nbd7 4. Nf3 c5 5. e3 e6 6. Bb5 cxd4 7. Qxd4 Be7 8.
Ne5 O-O 9. Nxd7 Bxd7 10. Bd3 Bc6 11. O-O a6 12. Ne2 h6 13. Bh4 Rc8 14. c3 Qd7
15. a4 b5 16. Bc2 bxa4 17. Bxa4 Bb5 18. Qd1 Qb7 19. Bxb5 axb5 20. Qb3 Ra8 21.
Nd4 1/2-1/2

[Event "World Senior Teams +65"]
[Site "Radebeul GER"]
[Date "2016.07.02"]
[Round "7.7"]
[Board "4"]
[White "Nordstrom, Felix"]
[Black "Ruemmler, Roland"]
[Result "1-0"]
[WhiteTitle "FM"]
[WhiteElo "2093"]
[BlackElo "1952"]
[WhiteTeam "Sweden 1"]
[BlackTeam "Sachsen-Anhalt"]
[WhiteFideId "1701509"]
[BlackFideId "4636180"]
[EventDate "2016.06.26"]

1. e4 d6 2. d4 Nf6 3. Nc3 g6 4. Bg5 Bg7 5. Qd2 h6 6. Bh4 c6 7. f4 b5 8. e5 b4 9.
Nd1 Nd5 10. Nf3 a5 11. c4 bxc3 12. bxc3 Bf5 13. Be2 dxe5 14. fxe5 Qc7 15. O-O e6
16. Bf2 Nd7 17. Nb2 N7b6 18. c4 Ne7 19. c5 Nbd5 20. Nc4 O-O 21. Nd6 g5 22. h4 g4
23. Ne1 h5 24. Be3 Kh7 25. Bg5 f6 26. exf6 Bxf6 27. Bxf6 Rxf6 28. Nd3 Rg8 29.
Nf4 Nxf4 30. Qxf4 Rff8 31. Qg3 Qb8 32. Bc4 Qb2 33. Rad1 Nd5 34. Rf2 Qc3 35. Qxc3
Nxc3 36. Rc1 Nd5 37. Bxd5 cxd5 38. c6 g3 39. Rf4 Bd3 40. Rxf8 Rxf8 41. c7 Ba6
42. c8=Q Bxc8 43. Rxc8 Rf4 44. Nb5 Rxh4 45. Rc3 Rg4 46. Re3 Rg8 47. Kf1 h4 48.
Nc7 Rf8+ 49. Ke1 Rf2 50. Re2 h3 51. gxh3 1-0

[Event "World Senior Teams +65"]
[Site "Radebeul GER"]
[Date "2016.07.02"]
[Round "7.8"]
[Board "1"]
[White "Werner, Clemens"]
[Black "Hutchinson, Norman A"]
[Result "1/2-1/2"]
[WhiteTitle "FM"]
[WhiteElo "2334"]
[BlackElo "2061"]
[WhiteTeam "Germany 1"]
[BlackTeam "England 2"]
[WhiteFideId "4604636"]
[BlackFideId "411540"]
[EventDate "2016.06.26"]

1. e4 c6 2. Nc3 d5 3. Nf3 Bg4 4. h3 Bxf3 5. Qxf3 e6 6. d3 Bb4 7. a3 Bxc3+ 8.
bxc3 Nd7 9. d4 dxe4 10. Qxe4 Ngf6 11. Qh4 O-O 12. Bd3 Qa5 13. O-O Qh5 14. Qxh5
Nxh5 15. Re1 Nf4 16. a4 Nd5 17. Bd2 Rfd8 18. c4 N5f6 19. c5 Nf8 20. c3 N8d7 21.
Re3 e5 22. Ra2 exd4 23. cxd4 Nf8 24. Rb2 Rxd4 25. Bc3 Rd7 26. Bxf6 gxf6 27. Bf5
Rd5 28. g4 Rb8 29. Re7 Rxc5 30. Rbxb7 Rxb7 31. Rxb7 Ra5 32. Bc2 Ne6 33. Bb3 Nc5 1/2-1/2

[Event "World Senior Teams +65"]
[Site "Radebeul GER"]
[Date "2016.07.02"]
[Round "7.8"]
[Board "2"]
[White "Reuben, Stewart"]
[Black "Baum, Bernd"]
[Result "1-0"]
[WhiteTitle "CM"]
[BlackTitle "FM"]
[WhiteElo "2033"]
[BlackElo "2237"]
[WhiteTeam "England 2"]
[BlackTeam "Germany 1"]
[WhiteFideId "405256"]
[BlackFideId "4611853"]
[EventDate "2016.06.26"]

1. c4 e5 2. g3 Nc6 3. Bg2 g6 4. Nc3 Bg7 5. e3 d6 6. Nge2 f5 7. d4 Nf6 8. Bxc6+
bxc6 9. dxe5 dxe5 10. Qxd8+ Kxd8 11. b3 Bd7 12. Ba3 Ke8 13. Na4 Kf7 14. Nc5 Rhd8
15. Bb2 Ne8 16. O-O-O Be6 17. f4 exf4 18. exf4 Rd6 19. Be5 Rad8 20. Bxd6 cxd6
21. Nxe6 Kxe6 22. Nd4+ Kd7 23. Rhe1 Nc7 24. Nf3 Na6 25. Ng5 Bf8 26. Nxh7 Be7 27.
h4 Nc5 28. Ng5 Bxg5 29. hxg5 Ne4 30. g4 Nf2 31. gxf5 Nxd1 32. Kxd1 gxf5 33. Rh1
a5 34. Rh7+ Ke6 35. Rh6+ Ke7 36. Kc2 c5 37. Rf6 Rh8 38. Kb2 Rh2+ 39. Ka3 Re2 40.
Rxf5 Rf2 41. g6 1-0

[Event "World Senior Teams +65"]
[Site "Radebeul GER"]
[Date "2016.07.02"]
[Round "7.8"]
[Board "3"]
[White "Haakert, Juergen"]
[Black "Cooper, John G"]
[Result "1/2-1/2"]
[WhiteTitle "FM"]
[WhiteElo "2341"]
[BlackElo "1941"]
[WhiteTeam "Germany 1"]
[BlackTeam "England 2"]
[WhiteFideId "4602277"]
[BlackFideId "416096"]
[EventDate "2016.06.26"]

1. c4 c5 2. Nc3 Nc6 3. g3 g6 4. Bg2 Bg7 5. Rb1 d6 6. Nf3 e5 7. d3 Nge7 8. a3 a5
9. O-O O-O 10. Bd2 h6 11. Ne1 Be6 12. Nc2 d5 13. cxd5 Nxd5 14. Ne3 Nce7 15. Qc1
Rc8 16. Nexd5 Nxd5 17. Bxh6 f5 18. Bxg7 Kxg7 19. Nxd5 Bxd5 20. e4 fxe4 21. Qc3
Ba2 22. Ra1 Be6 23. Qxe5+ Qf6 24. Qxf6+ Rxf6 25. dxe4 b5 26. f4 Bb3 27. e5 Rff8
28. g4 Bc2 29. Rf2 Bd3 30. Bf1 c4 31. Rd1 Rfd8 32. Rfd2 Rd4 33. Rf2 Rf8 34. Bxd3
cxd3 35. h3 Rfxf4 36. Rxf4 Rxf4 37. Rxd3 b4 38. Rd7+ Kf8 39. Kg2 b3 40. Rd3 a4
41. Rf3 1/2-1/2

[Event "World Senior Teams +65"]
[Site "Radebeul GER"]
[Date "2016.07.02"]
[Round "7.8"]
[Board "4"]
[White "Mashayekh, Majid"]
[Black "Kierzek, Matthias"]
[Result "0-1"]
[WhiteElo "1922"]
[BlackElo "2230"]
[WhiteTeam "England 2"]
[BlackTeam "Germany 1"]
[WhiteFideId "406015"]
[BlackFideId "4647009"]
[EventDate "2016.06.26"]

1. d4 d5 2. Nf3 c5 3. e3 Nf6 4. Bb5+ Bd7 5. Bxd7+ Nbxd7 6. O-O e6 7. Nbd2 Bd6 8.
c4 cxd4 9. exd4 dxc4 10. Nxc4 Be7 11. Qb3 Nb6 12. Nxb6 Qxb6 13. Qa4+ Kf8 14. Be3
Nd5 15. Ne5 Qb4 16. Qxb4 Bxb4 17. a3 Bd6 18. Nc4 Ke7 19. Rac1 Rhc8 20. Bd2 Rc7
21. g3 Rac8 22. Ne3 Nf6 23. f3 Kd7 24. Kf2 h5 25. Rxc7+ Rxc7 26. Rc1 Rxc1 27.
Bxc1 Kc6 28. Ke2 h4 29. Nf1 h3 30. Kd3 Nd5 31. f4 f5 32. Bd2 Nf6 33. a4 Ne4 34.
Be1 g5 35. fxg5 Nxg5 36. b3 Ne4 37. g4 Ng5 38. gxf5 Nf3 39. Bg3 Bxg3 40. Nxg3
exf5 41. Nf1 Kd5 42. Ne3+ Ke6 43. Nf1 Ne1+ 44. Ke2 Ng2 45. Kf3 Kd5 46. Ne3+ Nxe3
47. Kxe3 a5 48. Kf4 Kxd4 49. Kxf5 Kc3 50. Kg4 Kxb3 51. Kxh3 Kxa4 52. Kg4 Kb3 53.
h4 a4 54. h5 a3 0-1

[Event "World Senior Teams +65"]
[Site "Radebeul GER"]
[Date "2016.07.02"]
[Round "7.9"]
[Board "1"]
[White "Haubt, Georg"]
[Black "Romcovici, Victor"]
[Result "0-1"]
[WhiteTitle "FM"]
[BlackTitle "IM"]
[WhiteElo "2132"]
[BlackElo "2122"]
[WhiteTeam "Hessen 1"]
[BlackTeam "Moldova"]
[WhiteFideId "4604016"]
[BlackFideId "13900560"]
[EventDate "2016.06.26"]

1. d4 Nf6 2. Nc3 d5 3. Bf4 Bf5 4. f3 e6 5. e3 c5 6. Nb5 Na6 7. c3 Be7 8. g4 Bg6
9. h4 h6 10. Bd3 Bxd3 11. Qxd3 Qb6 12. a4 c4 13. Qc2 Rc8 14. Qh2 Kd7 15. Nh3 Nb8
16. g5 Nh5 17. O-O a6 18. Na3 hxg5 19. Bxb8 Rxb8 20. hxg5 Bd6 21. f4 Qc7 22. Qg2
g6 23. Nc2 Rh7 24. Nf2 Bxf4 25. Ng4 Bd6 26. Rf3 Rbh8 27. Rh3 Kc8 28. Rf1 Ng3 29.
Rxh7 Rxh7 30. Re1 Rh5 31. Nf6 Rxg5 32. Ne8 Qe7 33. Nxd6+ Qxd6 34. Qf3 Ne4+ 35.
Kh1 Rh5+ 36. Kg1 Qh2+ 0-1

[Event "World Senior Teams +65"]
[Site "Radebeul GER"]
[Date "2016.07.02"]
[Round "7.9"]
[Board "2"]
[White "Nevednichy, Boris M"]
[Black "Zunker, Reinhard"]
[Result "1-0"]
[WhiteTitle "IM"]
[BlackTitle "FM"]
[WhiteElo "2122"]
[BlackElo "2134"]
[WhiteTeam "Moldova"]
[BlackTeam "Hessen 1"]
[WhiteFideId "13900080"]
[BlackFideId "4617711"]
[EventDate "2016.06.26"]

1. e4 c5 2. Nc3 Nc6 3. Bb5 e6 4. Bxc6 bxc6 5. f4 d5 6. d3 g6 7. Nf3 Nf6 8. O-O
Bg7 9. e5 Nd7 10. Qe1 O-O 11. b3 f6 12. exf6 Nxf6 13. Bb2 Qd6 14. Ne2 Ng4 15.
Bxg7 Kxg7 16. Qd2 d4 17. Rfe1 a5 18. c3 a4 19. b4 cxb4 20. cxd4 c5 21. Ne5 Nf6
22. Qe3 cxd4 23. Qxd4 Qxd4+ 24. Nxd4 Nd5 25. g3 Rd8 26. Ndc6 Rd6 27. Re4 Ba6 28.
Nxb4 Nc3 29. Ree1 Bb7 30. Rac1 Rc8 31. Nc4 Rxd3 32. Nxd3 Rxc4 33. Kf2 Bd5 34. a3
Nb5 35. Rxc4 Bxc4 36. Nc5 Nxa3 37. Ra1 Nb5 38. Rxa4 Bd5 39. Ra5 Nd6 40. Ra7+ Kg8
41. g4 g5 42. fxg5 Ne4+ 43. Nxe4 Bxe4 44. Ke3 Bg6 45. Kf4 Bf7 1-0

[Event "World Senior Teams +65"]
[Site "Radebeul GER"]
[Date "2016.07.02"]
[Round "7.9"]
[Board "3"]
[White "Biller, Helmut"]
[Black "Scovitin, Albert"]
[Result "1/2-1/2"]
[WhiteElo "2082"]
[BlackElo "2209"]
[WhiteTeam "Hessen 1"]
[BlackTeam "Moldova"]
[WhiteFideId "4676068"]
[BlackFideId "13906356"]
[EventDate "2016.06.26"]

1. d4 d5 2. c4 c6 3. Nf3 Nf6 4. Nc3 a6 5. cxd5 cxd5 6. Bf4 Nc6 7. e3 e6 8. Bd3
Bd6 9. Bg3 O-O 10. Ne5 Qc7 11. f4 Qb6 12. Qe2 Ne7 13. O-O Qd8 14. Bh4 Ng6 15.
Bg5 Be7 16. Rac1 Nd7 17. Bxe7 Qxe7 18. Na4 Qd8 19. Qc2 Qa5 20. Nc5 Nxc5 21. Bxg6
hxg6 22. dxc5 Rb8 23. a3 Qc7 24. b4 Bd7 25. Nxd7 Qxd7 26. c6 bxc6 27. Qxc6 Qa7
28. Qc5 Qd7 29. Qc6 1/2-1/2

[Event "World Senior Teams +65"]
[Site "Radebeul GER"]
[Date "2016.07.02"]
[Round "7.9"]
[Board "4"]
[White "Gyrlea, Viktor"]
[Black "Mueller, Horst2"]
[Result "0-1"]
[WhiteTitle "IM"]
[WhiteElo "2384"]
[BlackElo "2165"]
[WhiteTeam "Moldova"]
[BlackTeam "Hessen 1"]
[WhiteFideId "13900803"]
[BlackFideId "4679660"]
[EventDate "2016.06.26"]

1. e4 c5 2. Nc3 d6 3. Nge2 e6 4. d3 Nf6 5. Ng3 Be7 6. Be2 Nc6 7. O-O Nd4 8. a4
a6 9. Be3 Rb8 10. b3 O-O 11. h3 Bd7 12. Qd2 Qc7 13. Bd1 Ne8 14. Nce2 Bf6 15. Rb1
g6 16. c3 Nxe2+ 17. Nxe2 Bg7 18. Bc2 f5 19. exf5 gxf5 20. b4 e5 21. f4 cxb4 22.
cxb4 Be6 23. fxe5 dxe5 24. Bc5 Rf7 25. a5 Qd7 26. Rbd1 Qc6 27. Nc3 Rd8 28. Qe3
Nc7 29. Ba4 Nb5 30. Nxb5 axb5 31. Bc2 Bd5 32. Qg5 Qd7 33. g4 fxg4 34. hxg4 Re8
35. Rde1 Rxf1+ 36. Rxf1 Qe6 37. Rf2 Bc6 0-1

[Event "World Senior Teams +65"]
[Site "Radebeul GER"]
[Date "2016.07.02"]
[Round "7.10"]
[Board "1"]
[White "Hajenius, Willem"]
[Black "Frick, Christoph"]
[Result "1/2-1/2"]
[WhiteElo "2008"]
[BlackElo "2243"]
[WhiteTeam "Belgium 2"]
[BlackTeam "Eck-Gunners"]
[WhiteFideId "201138"]
[BlackFideId "4607090"]
[EventDate "2016.06.26"]

1. d4 g6 2. c4 Bg7 3. Nc3 d6 4. e4 Nc6 5. Nge2 e5 6. Be3 Nh6 7. d5 Ne7 8. f3 f5
9. Qd2 Nf7 10. O-O-O O-O 11. Kb1 Bd7 12. Nc1 a6 13. h3 Qb8 14. c5 dxc5 15. Bxc5
Nd6 16. g4 b6 17. Bf2 Kh8 18. g5 b5 19. Re1 b4 20. Nd1 a5 21. h4 Nec8 22. h5 Kg8
23. Bc5 Nb6 24. Qh2 Kf7 25. exf5 Bxf5+ 26. Bd3 Qc8 27. Ne3 Re8 1/2-1/2

[Event "World Senior Teams +65"]
[Site "Radebeul GER"]
[Date "2016.07.02"]
[Round "7.10"]
[Board "2"]
[White "Krauseneck, Peter"]
[Black "Van De Wynkele, Herman"]
[Result "1/2-1/2"]
[WhiteElo "2186"]
[BlackElo "1985"]
[WhiteTeam "Eck-Gunners"]
[BlackTeam "Belgium 2"]
[WhiteFideId "4602986"]
[BlackFideId "207144"]
[EventDate "2016.06.26"]

1. d4 Nf6 2. Nc3 d6 3. e4 c6 4. Be2 b5 5. a3 a6 6. f4 Nbd7 7. e5 Nd5 8. exd6 e6
9. Ne4 N7f6 10. Bf3 Bxd6 11. Nxd6+ Qxd6 12. Ne2 Bb7 13. O-O Rd8 14. b3 Qc7 15.
c4 Nb6 16. Qc2 O-O 17. Bd2 Nbd7 18. g4 c5 19. g5 Bxf3 20. Rxf3 Qb7 21. Rh3 Qe4
22. Qxe4 Nxe4 23. Ba5 Rc8 24. cxb5 axb5 25. Re3 Ra8 26. Be1 Nd6 27. dxc5 Nxc5
28. Bb4 Rfc8 29. Rc1 Ncb7 30. Rd1 Nf5 31. Re5 Na5 32. Rxb5 Nxb3 33. Rd3 Nc1 34.
Nxc1 Rxc1+ 35. Kf2 Rc2+ 36. Rd2 Rxd2+ 37. Bxd2 h6 38. Bb4 hxg5 39. fxg5 f6 40.
Rb6 Kf7 41. g6+ Kxg6 42. Rxe6 Nd4 43. Re3 Kf5 44. Bc5 Ne6 45. Bb6 g5 46. Rb3 Ke5 1/2-1/2

[Event "World Senior Teams +65"]
[Site "Radebeul GER"]
[Date "2016.07.02"]
[Round "7.10"]
[Board "3"]
[White "Schrickx, Frank"]
[Black "Weisenburger, Horst"]
[Result "0-1"]
[WhiteElo "1920"]
[BlackElo "2170"]
[WhiteTeam "Belgium 2"]
[BlackTeam "Eck-Gunners"]
[WhiteFideId "208957"]
[BlackFideId "4654536"]
[EventDate "2016.06.26"]

1. e4 c5 2. c3 Nf6 3. e5 Nd5 4. d4 cxd4 5. cxd4 d6 6. Nf3 Nc6 7. Bc4 Nb6 8. Bb5
e6 9. O-O Bd7 10. Nc3 Ne7 11. Bg5 h6 12. Ne4 Nbc8 13. Bxd7+ Qxd7 14. Bf4 Ng6 15.
Bg3 d5 16. Nc5 Bxc5 17. dxc5 f5 18. exf6 gxf6 19. Re1 O-O 20. Qd3 Kh7 21. Rad1
Ne7 22. Bd6 Rg8 23. Bxe7 Qxe7 24. b4 Rad8 25. Nh4 e5 26. Nf5 Qe6 27. Qh3 Nh4 28.
Qxh4 Qxf5 29. f4 Rg4 30. Qh3 Rxf4 31. Qxf5+ Rxf5 32. b5 Rf4 33. Rc1 Rc8 34. c6
bxc6 35. bxc6 Rc4 0-1

[Event "World Senior Teams +65"]
[Site "Radebeul GER"]
[Date "2016.07.02"]
[Round "7.10"]
[Board "4"]
[White "Gass, Ulrich"]
[Black "De Reymaeker, Walter"]
[Result "1-0"]
[WhiteElo "2081"]
[BlackElo "1889"]
[WhiteTeam "Eck-Gunners"]
[BlackTeam "Belgium 2"]
[WhiteFideId "4683307"]
[BlackFideId "208000"]
[EventDate "2016.06.26"]

1. e4 c5 2. Nf3 d6 3. d4 cxd4 4. Qxd4 Nc6 5. Bb5 Bd7 6. Bxc6 Bxc6 7. Bg5 Nf6 8.
Bxf6 gxf6 9. Nc3 e6 10. O-O-O Be7 11. Rhe1 Rg8 12. Rd3 Qb6 13. Qxb6 axb6 14. g3
b5 15. a3 e5 16. Nh4 O-O-O 17. Nf5 Bf8 18. Red1 d5 19. Nxd5 Bxd5 20. Rxd5 Rxd5
21. Rxd5 b4 22. a4 b6 23. Nd6+ Kc7 24. Ne8+ Kc6 25. Nxf6 Rg6 26. Nd7 Bh6+ 27.
Kb1 f6 28. Ka2 Bg7 29. Kb3 h5 30. Kxb4 h4 31. a5 hxg3 32. hxg3 Rg4 33. axb6
Rxe4+ 34. c4 Re2 35. b3 Rxf2 36. Rb5 Bh6 37. b7 Bd2+ 38. Ka4 Be1 39. b4 1-0

[Event "World Senior Teams +65"]
[Site "Radebeul GER"]
[Date "2016.07.02"]
[Round "7.11"]
[Board "1"]
[White "Rosen, Willy"]
[Black "Eskandary, Jahya"]
[Result "1-0"]
[WhiteTitle "FM"]
[WhiteElo "2266"]
[BlackElo "2065"]
[WhiteTeam "Sportfreunde Katernberg"]
[BlackTeam "Dresdner Springer"]
[WhiteFideId "4605535"]
[BlackFideId "4665708"]
[EventDate "2016.06.26"]

1. e4 e5 2. Nf3 Nc6 3. Be2 Nf6 4. d3 Bc5 5. O-O d6 6. c3 O-O 7. Nbd2 h6 8. b4
Bb6 9. a3 a6 10. Bb2 g5 11. Nc4 Ba7 12. Qd2 Kh7 13. Bc1 Ng8 14. Ne3 Nce7 15. d4
Ng6 16. g3 Be6 17. Bb2 Nf6 18. Qc2 c6 19. Rfd1 Qc7 20. Bf1 Rfe8 21. Nf5 Bxf5 22.
exf5 Nf8 23. c4 e4 24. d5 N6d7 25. dxc6 bxc6 26. Nd4 Ne5 27. Bg2 Rac8 28. Rac1
Nd3 29. Rxd3 exd3 30. Qxd3 Ng6 31. f6 Kg8 32. Qf5 1-0

[Event "World Senior Teams +65"]
[Site "Radebeul GER"]
[Date "2016.07.02"]
[Round "7.11"]
[Board "2"]
[White "Schwier, Manfred"]
[Black "Hassenrueck, Helmut"]
[Result "1/2-1/2"]
[WhiteElo "2031"]
[BlackElo "2231"]
[WhiteTeam "Dresdner Springer"]
[BlackTeam "Sportfreunde Katernberg"]
[WhiteFideId "4671988"]
[BlackFideId "4670302"]
[EventDate "2016.06.26"]

1. e4 c5 2. Nf3 Nc6 3. Be2 Nf6 4. d3 d5 5. exd5 Nxd5 6. O-O e5 7. a4 Be7 8. Na3
O-O 9. c3 Be6 10. Nc4 f6 11. Re1 Qd7 12. Qc2 Rfd8 13. Rd1 b6 14. g3 Rab8 15. h4
a6 16. Ne3 f5 17. Nc4 Qc7 18. Ng5 Bxg5 19. Bxg5 Rf8 20. h5 f4 21. Re1 h6 22. Bh4
b5 23. axb5 axb5 24. Nd2 Qf7 25. Bf3 b4 26. Ra6 bxc3 27. bxc3 Qc7 28. Qa2 Qd7
29. Qa3 fxg3 30. Bxg3 Rxf3 31. Nxf3 Nc7 32. Rxc6 Qxc6 33. Nxe5 Qb6 34. Ng6 Ra8
35. Qc1 Nd5 36. Nf4 Nxf4 37. Qxf4 Qc6 1/2-1/2

[Event "World Senior Teams +65"]
[Site "Radebeul GER"]
[Date "2016.07.02"]
[Round "7.11"]
[Board "3"]
[White "Krueger, Erich"]
[Black "Bec, Dietmar"]
[Result "1-0"]
[WhiteElo "2198"]
[BlackElo "2056"]
[WhiteTeam "Sportfreunde Katernberg"]
[BlackTeam "Dresdner Springer"]
[WhiteFideId "4624718"]
[BlackFideId "4629590"]
[EventDate "2016.06.26"]

1. d4 e6 2. c4 f5 3. g3 Nf6 4. Bg2 d5 5. Nf3 c6 6. O-O Bd6 7. b3 Qe7 8. Bb2 O-O
9. Ne5 b6 10. Nd2 Bb7 11. Qc2 g6 12. Ndf3 a5 13. Nd3 Na6 14. a3 Rac8 15. Nfe5 c5
16. dxc5 Nxc5 17. Nf4 g5 18. Nh3 Ng4 19. Nf3 h6 20. Nd2 Nf6 21. f3 Ncd7 22. e4
fxe4 23. fxe4 Kg7 24. exd5 Bxd5 25. Bxd5 exd5 26. Rae1 Qd8 27. Qf5 dxc4 28. Ne4
Bc5+ 29. Kg2 Rc6 30. Nhxg5 hxg5 31. Nxg5 Qa8 32. Qh7# 1-0

[Event "World Senior Teams +65"]
[Site "Radebeul GER"]
[Date "2016.07.02"]
[Round "7.11"]
[Board "4"]
[White "Zoephel, Heinz"]
[Black "Mueller-Clostermann, Bruno"]
[Result "0-1"]
[WhiteElo "1990"]
[BlackElo "2184"]
[WhiteTeam "Dresdner Springer"]
[BlackTeam "Sportfreunde Katernberg"]
[WhiteFideId "24647241"]
[BlackFideId "12932280"]
[EventDate "2016.06.26"]

1. e4 Nf6 2. e5 Nd5 3. d4 d6 4. c4 Nb6 5. Nf3 Bg4 6. h3 Bxf3 7. Qxf3 Nc6 8. Qe4
dxe5 9. dxe5 e6 10. Be3 Nd7 11. f4 Nc5 12. Bxc5 Bxc5 13. g3 f5 14. exf6 Qxf6 15.
Nc3 O-O-O 16. Rd1 Rxd1+ 17. Nxd1 Rd8 18. a3 h5 19. h4 Rd4 20. Qc2 e5 21. Bh3+
Kb8 22. Ne3 exf4 23. Nd5 Qe5+ 24. Kf1 fxg3 25. Kg2 Rxd5 26. cxd5 Qxd5+ 27. Kxg3
Bd6+ 28. Kf2 Qxh1 29. Qf5 Qh2+ 0-1

[Event "World Senior Teams +65"]
[Site "Radebeul GER"]
[Date "2016.07.02"]
[Round "7.12"]
[Board "1"]
[White "Kolbak, Jens"]
[Black "Westerinen, Heikki M.J."]
[Result "0-1"]
[BlackTitle "GM"]
[WhiteElo "2178"]
[BlackElo "2308"]
[WhiteTeam "Denmark"]
[BlackTeam "Finland"]
[WhiteFideId "1400339"]
[BlackFideId "500020"]
[EventDate "2016.06.26"]

1. e4 e6 2. d4 d5 3. e5 Bd7 4. Nf3 a6 5. Be2 Bb5 6. O-O Bxe2 7. Qxe2 c5 8. b3
Nc6 9. c3 cxd4 10. cxd4 Qb6 11. Be3 Nge7 12. Nc3 Nf5 13. Rad1 Ba3 14. g4 Nxe3
15. fxe3 O-O 16. Qd3 Be7 17. Kg2 Rac8 18. Na4 Qb5 19. Ne1 Nb4 20. Qd2 Rc7 21.
Kg1 Rfc8 22. Qf2 Rf8 23. a3 Nc6 24. Qb2 Na5 25. Rb1 Rfc8 26. Qf2 Bxa3 27. Nc5
Bxc5 28. dxc5 Nc6 29. Nf3 Qxc5 30. Rbc1 Qe7 31. Qd2 Qb4 32. Qxb4 Nxb4 33. Rxc7
Rxc7 34. Rb1 Rc2 35. Nd4 Rc3 36. Kf2 Nd3+ 37. Ke2 Nxe5 38. h3 Kf8 0-1

[Event "World Senior Teams +65"]
[Site "Radebeul GER"]
[Date "2016.07.02"]
[Round "7.12"]
[Board "2"]
[White "Hurme, Harri"]
[Black "Olesen, Poul Erik Norgaard"]
[Result "1-0"]
[WhiteTitle "FM"]
[WhiteElo "2194"]
[BlackElo "2020"]
[WhiteTeam "Finland"]
[BlackTeam "Denmark"]
[WhiteFideId "500321"]
[BlackFideId "1404253"]
[EventDate "2016.06.26"]

1. d4 Nf6 2. c4 c5 3. d5 d6 4. Nc3 g6 5. e4 Bg7 6. h3 e6 7. Nf3 exd5 8. cxd5 O-O
9. Bd3 a6 10. a4 Nbd7 11. O-O Rb8 12. Bf4 Qc7 13. Re1 Re8 14. Bf1 c4 15. g4 b5
16. axb5 axb5 17. Nd4 Qc5 18. Nc6 b4 19. Be3 bxc3 20. Bxc5 cxb2 21. Rb1 Nxc5 22.
Nxb8 c3 23. f3 Bxg4 24. hxg4 Rxb8 25. Bd3 Nfd7 26. Bc2 Ne5 27. Qe2 Rb4 28. Kg2
Nc4 29. Rbd1 Na3 30. f4 Nb3 31. e5 Na1 32. Rxa1 bxa1=Q 33. Rxa1 Nxc2 34. Ra8+
Bf8 35. Qa6 Ne3+ 36. Kf3 Nxd5 37. Qxd6 Rxf4+ 38. Kg3 1-0

[Event "World Senior Teams +65"]
[Site "Radebeul GER"]
[Date "2016.07.02"]
[Round "7.12"]
[Board "3"]
[White "Jorgensen, Arne Bjorn"]
[Black "Morant, Paul"]
[Result "1/2-1/2"]
[WhiteElo "1955"]
[BlackElo "2091"]
[WhiteTeam "Denmark"]
[BlackTeam "Finland"]
[WhiteFideId "1406680"]
[BlackFideId "503517"]
[EventDate "2016.06.26"]

1. d4 Nf6 2. Nf3 d5 3. c4 dxc4 4. e3 Bf5 5. Bxc4 e6 6. O-O Nbd7 7. Nc3 Be7 8. h3
h6 9. Bd3 Bxd3 10. Qxd3 c6 11. Rd1 g5 12. e4 g4 13. hxg4 Nxg4 14. Bd2 h5 15. Be1
Nf8 16. d5 Qd6 17. dxc6 Qxc6 18. Rac1 Rd8 19. Nd5 exd5 20. Rxc6 bxc6 21. exd5
Rxd5 22. Qc2 Rxd1 23. Qxd1 Rh6 24. b4 Rd6 25. Qa4 Ne6 26. Kf1 Nf4 27. g3 Nd3 28.
Qxa7 Rf6 29. Qa8+ Kd7 30. Qa7+ Ke8 31. Qb8+ Kd7 32. Qa7+ Ke8 33. Ke2 Nxe1 34.
Nxe1 Rxf2+ 35. Kd3 Bg5 36. Qb8+ Ke7 37. Qc7+ Kf8 38. Nc2 Kg7 39. Nd4 Rf6 40. a4 1/2-1/2

[Event "World Senior Teams +65"]
[Site "Radebeul GER"]
[Date "2016.07.02"]
[Round "7.12"]
[Board "4"]
[White "Luodonpaa, Martti"]
[Black "Andersson, Finn"]
[Result "1/2-1/2"]
[WhiteElo "1831"]
[BlackElo "1816"]
[WhiteTeam "Finland"]
[BlackTeam "Denmark"]
[WhiteFideId "502880"]
[BlackFideId "1420232"]
[EventDate "2016.06.26"]

1. Nf3 c5 2. c4 Nf6 3. g3 g6 4. Bg2 Bg7 5. O-O O-O 6. Nc3 Nc6 7. Rb1 Rb8 8. a3
a6 9. b4 cxb4 10. axb4 b5 11. cxb5 axb5 12. Qb3 Qb6 13. d3 Nd4 14. Nxd4 Qxd4 15.
Ne4 Nxe4 16. Bxe4 Qc3 17. Qxc3 Bxc3 18. Be3 f5 19. Bf3 Be5 20. Ba7 Rb7 21. Bxb7
Bxb7 22. Bb6 Ra8 23. Ba5 Kf7 24. Rfc1 Bc6 25. Rc2 h5 26. Rbc1 h4 27. Rxc6 dxc6
28. Rxc6 h3 29. Kf1 f4 30. Rc1 fxg3 31. fxg3 Ra6 32. e3 g5 33. Rc2 g4 34. Kg1
Rd6 35. Rc1 Ra6 36. Rc2 Rf6 37. Rc1 Ra6 1/2-1/2

[Event "World Senior Teams +65"]
[Site "Radebeul GER"]
[Date "2016.07.02"]
[Round "7.13"]
[Board "1"]
[White "Vucenovic, Dragomir"]
[Black "Happel, Henk"]
[Result "1-0"]
[WhiteTitle "FM"]
[BlackTitle "FM"]
[WhiteElo "2264"]
[BlackElo "2101"]
[WhiteTeam "Switzerland"]
[BlackTeam "Koninklijke DD"]
[WhiteFideId "1300393"]
[BlackFideId "1001078"]
[EventDate "2016.06.26"]

1. d4 e6 2. Nf3 f5 3. g3 Nf6 4. Bg2 d5 5. O-O Bd6 6. c4 c6 7. b3 Qe7 8. Bb2 O-O
9. Qc1 b6 10. Ba3 Bb7 11. Bxd6 Qxd6 12. Nc3 Ne4 13. Ne5 Nxc3 14. Qxc3 Nd7 15. f4
Nxe5 16. fxe5 Qd7 17. Rfc1 Rac8 18. c5 Rb8 19. e3 Qe7 20. Rc2 Qg5 21. cxb6 axb6
22. Qe1 Qe7 23. a4 Rfc8 24. Bf1 c5 25. Rac1 cxd4 26. exd4 Qa3 27. Rxc8+ Rxc8 28.
Rxc8+ Bxc8 29. Qc3 Bd7 30. Qc7 Qa1 31. Qd8+ Kf7 32. Qxd7+ Kf8 33. Qd8+ Kf7 34.
Qh4 Qd1 35. Qf4 Qxb3 36. g4 1-0